Zmluva o obchodnom zastúpení vo vzťahu k pracovnej zmluve podľa slovenského práva v porovnaní s cudzími právnymi úpravami
Rozlíšenie pracovnej zmluvy a zmluvy o obchodnom zastúpení podľa rôznych právnych poriadov a podľa slovenského práva.
Saved in:
| Main Author: | |
|---|---|
| Format: | Book Chapter |
| Language: | Slovak |
| Subjects: | |
| Tags: |
No Tags, Be the first to tag this record!
|
MARC
| LEADER | 00000naa a2200000 4500 | ||
|---|---|---|---|
| 001 | 0228956 | ||
| 005 | 20240502073754.4 | ||
| 041 | 0 | |a slo | |
| 044 | |a SK | ||
| 245 | 1 | 0 | |a Zmluva o obchodnom zastúpení vo vzťahu k pracovnej zmluve podľa slovenského práva v porovnaní s cudzími právnymi úpravami |c Martin Winkler |
| 520 | |a Rozlíšenie pracovnej zmluvy a zmluvy o obchodnom zastúpení podľa rôznych právnych poriadov a podľa slovenského práva. | ||
| 610 | 2 | 0 | |a poriadok právny |
| 610 | 2 | 0 | |a zmluvy pracovné |
| 610 | 2 | 0 | |a Slovensko |
| 610 | 2 | 0 | |a zástupcovia obchodní |
| 610 | 2 | 0 | |a zastupiteľstvá obchodné |
| 610 | 2 | 0 | |a zmluvy obchodné |
| 610 | 2 | 0 | |a právo obchodné |
| 100 | 1 | |a Winkler, Martin, 1975- | |